Personnel Human Resource Management (Record no. 950)

MARC details
000 -LEADER
fixed length control field 00438nam a22001697a 4500
005 - DATE AND TIME OF LATEST TRANSACTION
control field 20180810105704.0
008 - FIXED-LENGTH DATA ELEMENTS--GENERAL INFORMATION
fixed length control field 160517b xxu||||| |||| 00| 0 eng d
020 ## - INTERNATIONAL STANDARD BOOK NUMBER
ISBN 81-85386-17-x
041 ## - LANGUAGE CODE
Language code of text/sound track or separate title eng
082 ## - DEWEY DECIMAL CLASSIFICATION NUMBER
Item number 2580
Classification number 658.3
100 ## - MAIN ENTRY--AUTHOR NAME
Personal name Milkovich, George T. and Boudereu, John W.
245 ## - TITLE STATEMENT
Title Personnel Human Resource Management
260 ## - PUBLICATION, DISTRIBUTION, ETC. (IMPRINT)
Place of publication Delhi
Name of publisher AITB.
Year of publication 2004
300 ## - PHYSICAL DESCRIPTION
Number of Pages 833p,
650 ## - SUBJECT ADDED ENTRY--TOPICAL TERM
Topical Term Management
942 ## - ADDED ENTRY ELEMENTS (KOHA)
Koha item type Books
Holdings
Lost status Damaged status Collection code Home library Shelving location Date acquired Cost, normal purchase price Full call number Accession Number Koha item type
    MANAGEMENT JRU Library SHELF-62 -E 17/05/2016 160.00 658.3 2580 Books